[Event "Titled Tuesday intern op 26th Sep Late"]
[Site "Chess.com INT"]
[Date "2023.09.26"]
[Round "2"]
[White "Omariev, Maksim"]
[Black "Troff, Kayden W"]
[Result "0-1"]
[WhiteElo "2304"]
[BlackElo "2483"]
[PlyCount "84"]
[EventDate "2023.09.26"]
[EventType "swiss (blitz)"]
[EventRounds "11"]
[EventCountry "USA"]
[SourceTitle "EXT 2024"]
[Source "ChessBase"]
[SourceDate "2023.10.10"]
[SourceVersion "1"]
[SourceVersionDate "2023.10.10"]
[SourceQuality "1"]

1. g4 d5 2. Bg2 c6 3. h3 g6 4. d4 Bg7 5. Nf3 Nf6 6. c3 0-0 7. Bf4 Nbd7 8. Nbd2 Re8 9. Ne5 Nxe5 10. Bxe5 Qb6 11. b4 a5 12. a3 axb4 13. axb4 Be6 14. 0-0 h5 15. Bxf6 Rxa1 16. Qxa1 Bxf6 17. gxh5 gxh5 18. e4 Qb5 19. e5 Bg7 20. f4 Bf5 21. Qd1 Qd3 22. Rf3 Qc2 23. Qxc2 Bxc2 24. f5 Ra8 25. Kf2 Ra2 26. Ke1 Bh6 27. Rf2 Bd3 28. Nb3 Ra3 29. Rb2 Bxf5 30. Ke2 h4 31. b5 cxb5 32. Bxd5 b6 33. Kf3 Bxh3 34. Rh2 Bf5 35. Rxh4 Kg7 36. Rh2 e6 37. Rg2+ Kf8 38. Be4 Bxe4+ 39. Kxe4 Rxb3 40. Rh2 Kg7 41. Rc2 b4 42. c4 Re3# 0-1

[Event "Titled Tuesday intern op 26th Sep Late"]
[Site "Chess.com INT"]
[Date "2023.09.26"]
[Round "10"]
[White "Troff, Kayden W"]
[Black "Eugene, Floryan"]
[Result "1-0"]
[WhiteElo "2483"]
[BlackElo "2426"]
[PlyCount "71"]
[EventDate "2023.09.26"]
[EventType "swiss (blitz)"]
[EventRounds "11"]
[EventCountry "USA"]
[SourceTitle "EXT 2024"]
[Source "ChessBase"]
[SourceDate "2023.10.10"]
[SourceVersion "1"]
[SourceVersionDate "2023.10.10"]
[SourceQuality "1"]

1. d4 g6 2. c4 Bg7 3. Nc3 d6 4. e4 Nc6 5. Nf3 Bg4 6. d5 Nd4 7. Be2 Nxe2 8. Nxe2 Bxf3 9. gxf3 Qd7 10. h4 h5 11. Be3 Nf6 12. Qd2 c6 13. Rc1 a6 14. Kf1 c5 15. b4 cxb4 16. Qxb4 0-0 17. c5 dxc5 18. Bxc5 Rfc8 19. Kg2 a5 20. Qb3 Ne8 21. Rc2 Bf6 22. Rhc1 Bxh4 23. Be3 Bf6 24. Nf4 h4 25. Nd3 h3+ 26. Kh2 e5 27. dxe6 fxe6 28. Nf4 Kf7 29. Rd2 Qe7 30. Rcd1 Rc7 31. Bc5 Be5 32. Bxe7 Bxf4+ 33. Kxh3 Rxe7 34. Rd7 Nf6 35. Rxe7+ Kxe7 36. Qxb7+ 1-0

[Event "Titled Tuesday intern op 26th Sep Early"]
[Site "Chess.com INT"]
[Date "2023.09.26"]
[Round "2"]
[White "Troff, Kayden W"]
[Black "Eynullayev, Atilla Elshan"]
[Result "1-0"]
[WhiteElo "2483"]
[BlackElo "2265"]
[PlyCount "105"]
[EventDate "2023.09.26"]
[EventType "swiss (blitz)"]
[EventRounds "11"]
[EventCountry "USA"]
[SourceTitle "EXT 2024"]
[Source "ChessBase"]
[SourceDate "2023.10.10"]
[SourceVersion "1"]
[SourceVersionDate "2023.10.10"]
[SourceQuality "1"]

1. d4 Nf6 2. Nf3 d5 3. Bf4 c5 4. e3 Nc6 5. Nc3 Nh5 6. Be5 f6 7. Bg3 e6 8. Bh4 cxd4 9. Nxd4 g6 10. Be2 Ng7 11. 0-0 Be7 12. Bb5 Bd7 13. e4 e5 14. Nf3 d4 15. Nd5 0-0 16. c3 dxc3 17. bxc3 Be6 18. Qa4 Rc8 19. Rfd1 Qe8 20. Nxe5 Bxd5 21. exd5 fxe5 22. Bxe7 Qxe7 23. dxc6 bxc6 24. Bxc6 Qc5 25. Bd5+ Kh8 26. Qc2 Qxc3 27. Qxc3 Rxc3 28. Rac1 Rfc8 29. Rxc3 Rxc3 30. Bb3 Nf5 31. Rd8+ Kg7 32. g3 Nd4 33. Rd7+ Kf6 34. Bg8 h5 35. h4 Kf5 36. Rxa7 e4 37. Ra5+ Kf6 38. Ra4 Nf3+ 39. Kg2 Ke5 40. Ra5+ Kf6 41. Bd5 Ne1+ 42. Kf1 Nf3 43. Kg2 Ne1+ 44. Kh3 e3 45. fxe3 Rxe3 46. Ra6+ Kg7 47. Ra7+ Kf6 48. Rf7+ Ke5 49. Re7+ Kd4 50. Rxe3 Kxe3 51. a4 Kd4 52. Bf7 Nd3 53. Bxg6 1-0

[Event "Titled Tuesday intern op 26th Sep Late"]
[Site "Chess.com INT"]
[Date "2023.09.26"]
[Round "8"]
[White "Troff, Kayden W"]
[Black "Kornyukov, Alexey"]
[Result "1-0"]
[WhiteElo "2483"]
[BlackElo "2452"]
[PlyCount "63"]
[EventDate "2023.09.26"]
[EventType "swiss (blitz)"]
[EventRounds "11"]
[EventCountry "USA"]
[SourceTitle "EXT 2024"]
[Source "ChessBase"]
[SourceDate "2023.10.10"]
[SourceVersion "1"]
[SourceVersionDate "2023.10.10"]
[SourceQuality "1"]

1. d4 Nf6 2. c4 e6 3. Nf3 d5 4. g3 Be7 5. Bg2 0-0 6. 0-0 dxc4 7. a4 Nc6 8. Na3 Na5 9. Qc2 Nb3 10. Ra2 Bxa3 11. Rxa3 Nxd4 12. Nxd4 Qxd4 13. Be3 Qe5 14. Qxc4 c6 15. Bd4 Qg5 16. h4 Qg6 17. Rd1 Ng4 18. Bc5 Re8 19. Be4 f5 20. Bg2 Kh8 21. Rd6 Nf6 22. Rad3 e5 23. a5 e4 24. Rd1 a6 25. Bb6 h6 26. e3 Kh7 27. Bd4 Nd5 28. Rxg6 Kxg6 29. Bc5 Be6 30. Qc2 Rad8 31. g4 Kh7 32. Rd4 1-0

[Event "Titled Tuesday intern op 26th Sep Early"]
[Site "Chess.com INT"]
[Date "2023.09.26"]
[Round "4"]
[White "Troff, Kayden W"]
[Black "Kuzmin, Roman"]
[Result "1-0"]
[WhiteElo "2483"]
[BlackElo "2167"]
[PlyCount "57"]
[EventDate "2023.09.26"]
[EventType "swiss (blitz)"]
[EventRounds "11"]
[EventCountry "USA"]
[SourceTitle "EXT 2024"]
[Source "ChessBase"]
[SourceDate "2023.10.10"]
[SourceVersion "1"]
[SourceVersionDate "2023.10.10"]
[SourceQuality "1"]

1. d4 Nf6 2. Nf3 e6 3. Bf4 d5 4. e3 Nbd7 5. Nbd2 h6 6. h3 Bd6 7. Ne5 Bxe5 8. dxe5 Ng8 9. c4 c6 10. cxd5 cxd5 11. Bd3 Ne7 12. Bg3 b6 13. 0-0 Bb7 14. Qg4 g6 15. Nf3 h5 16. Qf4 Nc5 17. Bc2 Nf5 18. Bxf5 gxf5 19. Bh4 Qd7 20. Bf6 Rg8 21. Qh6 d4 22. Qh7 Kf8 23. Ng5 Ne4 24. h4 Nxg5 25. hxg5 Qd5 26. f3 dxe3 27. Rfd1 Qc5 28. Rd7 e2+ 29. Kh2 1-0